[Event "Lidkoping Open 2019"]
[Site "Lidkoping"]
[Date "2019.08.24"]
[Round "3.16"]
[White "Andersen, Dag"]
[Black "Nordlund, Keith"]
[Result "1/2-1/2"]
[WhiteElo "1873"]
[BlackElo "2013"]
[Annotator "NA"]
[PlyCount "31"]
[EventDate "2019.08.19"]
[EventType "swiss"]
[EventCountry "SWE"]
[SourceTitle "playchess.com"]
[Source "ChessBase"]
[SourceQuality "1"]
[TimeControl "2700+10"]

1. d4 {[%emt 0:00:00]} Nf6 {[%emt 0:00:02]} 2. Nf3 {[%emt 0:00:06]} c5 {[%emt 0:00:24]} 3. d5 {[%emt 0:00:08]} b5 {[%emt 0:01:00]} 4. g3 {[%emt 0:00:46]} Bb7 {[%emt 0:01:44]} 5. Bg2 {[%emt 0:00:18]} e6 {[%emt 0:02:29]} 6. dxe6 {[%emt 0:02:03]} fxe6 {[%emt 0:00:18]} 7. O-O {[%emt 0:00:12]} Be7 {[%emt 0:02:39]} 8. Bf4 {[%emt 0:01:32]} Qb6 {[%emt 0:01:34]} 9. c3 {[%emt 0:04:34]} O-O {[%emt 0:01:49]} 10. Na3 {[%emt 0:00:49]} a5 {[%emt 0:05:30]} 11. c4 {[%emt 0:00:57]} b4 {[%emt 0:00:41]} 12. Nb5 {[%emt 0:00:55]} d5 {[%emt 0:02:07]} 13. Nc7 {[%emt 0:00:46]} Ra7 {[%emt 0:03:14]} 14. Nb5 {[%emt 0:00:39]} Ra8 {[%emt 0:01:42]} 15. Nc7 {[%emt 0:00:07]} Ra7 {[%emt 0:01:13]} 16. Nb5 {[%emt 0:33:48]} 1/2-1/2

[Event "Lidkoping Open 2019"]
[Site "Lidkoping"]
[Date "2019.08.24"]
[Round "3.17"]
[White "Loken, Espen"]
[Black "Svensson, Leif"]
[Result "1-0"]
[WhiteElo "1805"]
[BlackElo "2027"]
[Annotator "NA"]
[PlyCount "45"]
[EventDate "2019.08.19"]
[EventType "swiss"]
[EventCountry "SWE"]
[SourceTitle "playchess.com"]
[Source "ChessBase"]
[SourceQuality "1"]
[TimeControl "2700+10"]

1. e4 {[%emt 0:00:00]} e5 {[%emt 0:00:00]} 2. d4 {[%emt 0:00:03]} exd4 {[%emt 0:00:03]} 3. Qxd4 {[%emt 0:00:06]} Nc6 {[%emt 0:01:45]} 4. Qe3 {[%emt 0:00:07]} b6 {[%emt 0:01:45]} 5. Bd2 {[%emt 0:00:23]} Bc5 {[%emt 0:00:22]} 6. Qg3 {[%emt 0:00:18]} Qe7 {[%emt 0:02:28]} 7. Nc3 {[%emt 0:00:37]} Nf6 {[%emt 0:08:29]} 8. O-O-O {[%emt 0:00:27]} O-O {[%emt 0:04:28]} 9. f4 {[%emt 0:00:23]} Nxe4 {[%emt 0:00:41]} 10. Nxe4 {[%emt 0:00:39]} Qxe4 {[%emt 0:00:06]} 11. Bd3 {[%emt 0:00:22]} Qa4 {[%emt 0:04:25]} 12. Bc3 {[%emt 0:01:32]} Bd4 {[%emt 0:01:12]} 13. Ne2 {[%emt 0:01:12]} Bxc3 {[%emt 0:00:28]} 14. Nxc3 {[%emt 0:00:00]} Qa5 {[%emt 0:00:35]} 15. Qh4 {[%emt 0:00:22]} h6 {[%emt 0:03:59]} 16. a3 {[%emt 0:00:16]} Ba6 {[%emt 0:03:26]} 17. g4 {[%emt 0:00:45]} Bxd3 {[%emt 0:00:51]} 18. Rxd3 {[%emt 0:00:08]} Qc5 {[%emt 0:00:26]} 19. g5 {[%emt 0:00:30]} hxg5 {[%emt 0:03:10]} 20. fxg5 {[%emt 0:00:25]} f6 {[%emt 0:00:05]} 21. Ne4 {[%emt 0:00:39]} fxg5 {[%emt 0:01:15]} 22. Nxg5 {[%emt 0:00:20]} Qf5 {[%emt 0:00:03]} 23. Rf3 {[%emt 0:00:46]} 1-0

[Event "Lidkoping Open 2019"]
[Site "Lidkoping"]
[Date "2019.08.24"]
[Round "3.18"]
[White "Andersson, Christian"]
[Black "Johansson, Stefan"]
[Result "1/2-1/2"]
[WhiteElo "1794"]
[BlackElo "2016"]
[Annotator "NA"]
[PlyCount "111"]
[EventDate "2019.08.19"]
[EventType "swiss"]
[EventCountry "SWE"]
[SourceTitle "playchess.com"]
[Source "ChessBase"]
[SourceQuality "1"]
[TimeControl "2700+10"]

1. c4 {[%emt 0:00:00]} c5 {[%emt 0:00:04]} 2. g3 {[%emt 0:00:32]} Nc6 {[%emt 0:00:07]} 3. Bg2 {[%emt 0:00:17]} Nf6 {[%emt 0:00:28]} 4. Nc3 {[%emt 0:00:18]} e6 {[%emt 0:00:06]} 5. e4 {[%emt 0:01:10]} d6 {[%emt 0:00:28]} 6. Nf3 {[%emt 0:01:23]} Be7 {[%emt 0:00:40]} 7. O-O {[%emt 0:00:42]} a6 {[%emt 0:00:01]} 8. d4 {[%emt 0:04:28]} cxd4 {[%emt 0:00:14]} 9. Nxd4 {[%emt 0:00:17]} Na5 {[%emt 0:01:30]} 10. b3 {[%emt 0:04:46]} Bd7 {[%emt 0:02:18]} 11. h3 {[%emt 0:00:18]} Rb8 {[%emt 0:00:58]} 12. Qe2 {[%emt 0:01:48]} Nc6 {[%emt 0:03:10]} 13. Be3 {[%emt 0:01:00]} Nxd4 {[%emt 0:01:50]} 14. Bxd4 {[%emt 0:00:04]} b5 {[%emt 0:00:08]} 15. e5 {[%emt 0:01:34]} dxe5 {[%emt 0:06:10]} 16. Ba7 {[%emt 0:02:19]} Rc8 {[%emt 0:05:39]} 17. Bb7 {[%emt 0:01:08]} Qc7 {[%emt 0:01:05]} 18. Bxc8 {[%emt 0:00:58]} Bxc8 {[%emt 0:00:05]} 19. Be3 {[%emt 0:02:03]} Bb7 {[%emt 0:03:28]} 20. Rac1 {[%emt 0:02:43]} Qc6 {[%emt 0:01:41]} 21. f3 {[%emt 0:00:31]} b4 {[%emt 0:02:04]} 22. Na4 {[%emt 0:00:50]} O-O {[%emt 0:02:11]} 23. Qf2 {[%emt 0:02:03]} Rc8 {[%emt 0:01:11]} 24. Kh2 {[%emt 0:01:32]} Nh5 {[%emt 0:00:46]} 25. g4 {[%emt 0:02:32]} Nf6 {[%emt 0:02:16]} 26. Rcd1 {[%emt 0:00:22]} Bd6 {[%emt 0:01:05]} 27. Kg1 {[%emt 0:02:34]} Ne8 {[%emt 0:01:41]} 28. c5 {[%emt 0:04:06]} Bc7 {[%emt 0:00:19]} 29. Nb6 {[%emt 0:00:11]} Rb8 {[%emt 0:00:06]} 30. Nc4 {[%emt 0:00:56]} f5 {[%emt 0:00:15]} 31. Bc1 {[%emt 0:01:15]} Nf6 {[%emt 0:00:21]} 32. Bb2 {[%emt 0:00:08]} fxg4 {[%emt 0:00:01]} 33. Bxe5 {[%emt 0:00:11]} Rf8 {[%emt 0:02:26]} 34. Bxc7 {[%emt 0:00:32]} Qxc7 {[%emt 0:00:03]} 35. fxg4 {[%emt 0:01:11]} Qc6 {[%emt 0:00:23]} 36. Kh2 {[%emt 0:00:13]} Qc7+ {[%emt 0:00:01]} 37. Qf4 {[%emt 0:00:11]} Qxc5 {[%emt 0:00:13]} 38. Qe5 {[%emt 0:01:54]} Qc6 {[%emt 0:00:07]} 39. Qe2 {[%emt 0:00:07]} h6 {[%emt 0:00:12]} 40. Ne5 {[%emt 0:00:02]} Qc3 {[%emt 0:00:49]} 41. Rd3 {[%emt 0:00:08]} Qc7 {[%emt 0:00:11]} 42. Kg1 {[%emt 0:00:26]} Qb6+ {[%emt 0:00:01]} 43. Kh2 {[%emt 0:00:15]} Qc7 {[%emt 0:00:02]} 44. Kg1 {[%emt 0:00:25]} Qc5+ {[%emt 0:00:00]} 45. Qe3 {[%emt 0:00:12]} Qc2 {[%emt 0:00:16]} 46. Rd2 {[%emt 0:00:07]} Qc7 {[%emt 0:00:09]} 47. Ng6 {[%emt 0:00:15]} Re8 {[%emt 0:00:04]} 48. Ne5 {[%emt 0:00:30]} Ne4 {[%emt 0:00:06]} 49. Rd7 {[%emt 0:00:24]} Qxe5 {[%emt 0:00:37]} 50. Rxb7 {[%emt 0:00:08]} Qd5 {[%emt 0:00:02]} 51. Rff7 {[%emt 0:01:31]} Qd1+ {[%emt 0:00:40]} 52. Kg2 {[%emt 0:00:00]} Qc2+ {[%emt 0:00:01]} 53. Kg1 {[%emt 0:00:00]} Qd1+ {[%emt 0:00:07]} 54. Kg2 {[%emt 0:00:00]} Qc2+ {[%emt 0:00:05]} 55. Kg1 {[%emt 0:00:00]} Qd1+ {[%emt 0:00:07]} 56. Kg2 {[%emt 0:00:00]} 1/2-1/2

[Event "Lidkoping Open 2019"]
[Site "Lidkoping"]
[Date "2019.08.24"]
[Round "3.19"]
[White "Arvidsson, Jonas"]
[Black "Lunde, Sigmund"]
[Result "1-0"]
[WhiteElo "1993"]
[BlackElo "1806"]
[Annotator "NA"]
[PlyCount "125"]
[EventDate "2019.08.19"]
[EventType "swiss"]
[EventCountry "SWE"]
[SourceTitle "playchess.com"]
[Source "ChessBase"]
[SourceQuality "1"]
[TimeControl "2700+10"]

1. e4 {[%emt 0:01:14]} c5 {[%emt 0:00:18]} 2. Nf3 {[%emt 0:00:11]} d6 {[%emt 0:00:12]} 3. d4 {[%emt 0:00:10]} cxd4 {[%emt 0:00:07]} 4. Nxd4 {[%emt 0:00:04]} Nf6 {[%emt 0:00:10]} 5. Nc3 {[%emt 0:00:03]} a6 {[%emt 0:00:08]} 6. Bg5 {[%emt 0:00:10]} e5 {[%emt 0:00:46]} 7. Nb3 {[%emt 0:00:50]} Be7 {[%emt 0:00:10]} 8. Qd2 {[%emt 0:02:06]} O-O {[%emt 0:00:42]} 9. O-O-O {[%emt 0:00:49]} Nbd7 {[%emt 0:03:13]} 10. g3 {[%emt 0:02:11]} b5 {[%emt 0:01:06]} 11. f3 {[%emt 0:00:33]} Bb7 {[%emt 0:00:10]} 12. Bh3 {[%emt 0:00:50]} b4 {[%emt 0:01:40]} 13. Ne2 {[%emt 0:00:09]} Nxe4 {[%emt 0:02:21]} 14. Bxe7 {[%emt 0:05:56]} Nxd2 {[%emt 0:01:12]} 15. Bxd8 {[%emt 0:00:03]} Nxb3+ {[%emt 0:00:15]} 16. axb3 {[%emt 0:00:01]} Rfxd8 {[%emt 0:01:25]} 17. Rxd6 {[%emt 0:00:53]} Nf6 {[%emt 0:01:35]} 18. Rxd8+ {[%emt 0:00:56]} Rxd8 {[%emt 0:00:07]} 19. Bg2 {[%emt 0:00:48]} Kf8 {[%emt 0:00:41]} 20. Rd1 {[%emt 0:00:48]} Rxd1+ {[%emt 0:00:30]} 21. Kxd1 {[%emt 0:00:01]} g5 {[%emt 0:00:14]} 22. Kd2 {[%emt 0:01:48]} Ke7 {[%emt 0:04:19]} 23. c4 {[%emt 0:00:17]} Kd6 {[%emt 0:01:04]} 24. Nc1 {[%emt 0:00:20]} a5 {[%emt 0:09:31]} 25. Ke2 {[%emt 0:02:06]} Kc5 {[%emt 0:03:50]} 26. Nd3+ {[%emt 0:00:44]} Kd4 {[%emt 0:00:26]} 27. Ne1 {[%emt 0:00:15]} a4 {[%emt 0:03:57]} 28. Nc2+ {[%emt 0:01:12]} Kc5 {[%emt 0:00:08]} 29. Na1 {[%emt 0:00:58]} g4 {[%emt 0:01:27]} 30. bxa4 {[%emt 0:01:37]} Kxc4 {[%emt 0:02:09]} 31. Kd2 {[%emt 0:00:07]} gxf3 {[%emt 0:00:29]} 32. Bf1+ {[%emt 0:00:03]} Kd5 {[%emt 0:00:58]} 33. Nc2 {[%emt 0:00:44]} Kc5 {[%emt 0:00:32]} 34. Ne3 {[%emt 0:01:05]} Ne4+ {[%emt 0:00:34]} 35. Kc2 {[%emt 0:00:42]} Nd6 {[%emt 0:00:13]} 36. a5 {[%emt 0:00:21]} Nb5 {[%emt 0:00:48]} 37. Kd2 {[%emt 0:01:31]} Nd4 {[%emt 0:00:51]} 38. Bc4 {[%emt 0:01:40]} f2 {[%emt 0:00:41]} 39. b3 {[%emt 0:01:26]} f5 {[%emt 0:00:12]} 40. Kd1 {[%emt 0:01:07]} Bf3+ {[%emt 0:00:16]} 41. Kd2 {[%emt 0:00:25]} Be4 {[%emt 0:00:33]} 42. h3 {[%emt 0:00:54]} f4 {[%emt 0:00:21]} 43. gxf4 {[%emt 0:00:04]} exf4 {[%emt 0:00:01]} 44. Ng4 {[%emt 0:00:09]} Bg2 {[%emt 0:00:11]} 45. Nxf2 {[%emt 0:00:13]} Nc6 {[%emt 0:00:16]} 46. Nd3+ {[%emt 0:00:12]} Kd6 {[%emt 0:00:02]} 47. Nxf4 {[%emt 0:00:14]} Be4 {[%emt 0:00:08]} 48. a6 {[%emt 0:00:48]} Na7 {[%emt 0:00:09]} 49. Ke3 {[%emt 0:00:21]} Bc6 {[%emt 0:00:26]} 50. Kd4 {[%emt 0:01:59]} Bd7 {[%emt 0:00:13]} 51. h4 {[%emt 0:00:40]} Nc6+ {[%emt 0:00:02]} 52. Ke4 {[%emt 0:00:57]} Kc5 {[%emt 0:00:19]} 53. Nh5 {[%emt 0:01:12]} h6 {[%emt 0:00:30]} 54. Nf6 {[%emt 0:00:16]} Bh3 {[%emt 0:00:08]} 55. Ng8 {[%emt 0:01:01]} Bg2+ {[%emt 0:00:21]} 56. Kf4 {[%emt 0:00:22]} h5 {[%emt 0:00:49]} 57. Nf6 {[%emt 0:00:07]} Kb6 {[%emt 0:00:03]} 58. Nxh5 {[%emt 0:00:48]} Na5 {[%emt 0:00:05]} 59. Bf7 {[%emt 0:00:43]} Kxa6 {[%emt 0:00:02]} 60. Nf6 {[%emt 0:00:06]} Kb5 {[%emt 0:00:08]} 61. h5 {[%emt 0:00:12]} Nb7 {[%emt 0:00:16]} 62. h6 {[%emt 0:00:43]} Nd6 {[%emt 0:00:01]} 63. Bg6 {[%emt 0:00:05]} 1-0

[Event "Lidkoping Open 2019"]
[Site "Lidkoping"]
[Date "2019.08.24"]
[Round "3.20"]
[White "Forsberg, Gunnar"]
[Black "Beslagic, Smail"]
[Result "0-1"]
[WhiteElo "1753"]
[BlackElo "1853"]
[Annotator "NA"]
[PlyCount "112"]
[EventDate "2019.08.19"]
[EventType "swiss"]
[EventCountry "SWE"]
[SourceTitle "playchess.com"]
[Source "ChessBase"]
[SourceQuality "1"]
[TimeControl "2700+10"]

1. d4 {[%emt 0:00:00]} Nf6 {[%emt 0:00:00]} 2. Nf3 {[%emt 0:00:00]} d5 {[%emt 0:00:26]} 3. g3 {[%emt 0:00:02]} g6 {[%emt 0:00:12]} 4. Bg2 {[%emt 0:00:13]} Bg7 {[%emt 0:00:11]} 5. O-O {[%emt 0:00:11]} O-O {[%emt 0:00:12]} 6. c3 {[%emt 0:00:13]} c6 {[%emt 0:00:24]} 7. Bf4 {[%emt 0:00:21]} Nbd7 {[%emt 0:00:36]} 8. Qc1 {[%emt 0:00:29]} Qb6 {[%emt 0:01:20]} 9. b3 {[%emt 0:01:33]} Re8 {[%emt 0:00:42]} 10. Nbd2 {[%emt 0:00:57]} c5 {[%emt 0:00:46]} 11. dxc5 {[%emt 0:05:43]} Qxc5 {[%emt 0:00:28]} 12. Ne5 {[%emt 0:01:57]} Nh5 {[%emt 0:05:12]} 13. b4 {[%emt 0:01:15]} Nxf4 {[%emt 0:03:10]} 14. gxf4 {[%emt 0:02:05]} Qd6 {[%emt 0:00:52]} 15. Nxd7 {[%emt 0:01:31]} Bxd7 {[%emt 0:00:29]} 16. Nf3 {[%emt 0:00:39]} Rac8 {[%emt 0:00:21]} 17. Ne5 {[%emt 0:03:07]} Bxe5 {[%emt 0:00:46]} 18. fxe5 {[%emt 0:00:21]} Qxe5 {[%emt 0:00:11]} 19. Qd2 {[%emt 0:03:09]} e6 {[%emt 0:05:22]} 20. Rac1 {[%emt 0:03:08]} Rc4 {[%emt 0:00:51]} 21. f4 {[%emt 0:00:41]} Qc7 {[%emt 0:00:39]} 22. Rf3 {[%emt 0:01:28]} Rc8 {[%emt 0:00:30]} 23. f5 {[%emt 0:04:21]} exf5 {[%emt 0:01:25]} 24. Qh6 {[%emt 0:04:51]} Qe5 {[%emt 0:03:38]} 25. Re3 {[%emt 0:04:28]} Qg7 {[%emt 0:02:11]} 26. Qxg7+ {[%emt 0:00:51]} Kxg7 {[%emt 0:00:02]} 27. Bxd5 {[%emt 0:00:05]} Rg4+ {[%emt 0:01:09]} 28. Kf2 {[%emt 0:01:11]} Bc6 {[%emt 0:00:25]} 29. Bxc6 {[%emt 0:00:36]} Rxc6 {[%emt 0:00:05]} 30. Rd1 {[%emt 0:01:02]} Rgc4 {[%emt 0:01:30]} 31. Rdd3 {[%emt 0:00:06]} b5 {[%emt 0:00:13]} 32. Rd7 {[%emt 0:01:11]} Rc7 {[%emt 0:01:30]} 33. Rdd3 {[%emt 0:00:02]} h5 {[%emt 0:14:42]} 34. Kf3 {[%emt 0:02:53]} a6 {[%emt 0:00:00]} 35. h3 {[%emt 0:00:00]} R4c6 {[%emt 0:00:00]} 36. a3 {[%emt 0:00:00]} Kf6 {[%emt 0:00:00]} 37. Kg3 {[%emt 0:00:00]} g5 {[%emt 0:00:00]} 38. Rf3 {[%emt 0:00:00]} Re7 {[%emt 0:00:00]} 39. Kf2 {[%emt 0:00:00]} h4 {[%emt 0:00:00]} 40. Ke1 {[%emt 0:00:00]} Rce6 {[%emt 0:00:00]} 41. e3 {[%emt 0:00:00]} Kg6 {[%emt 0:00:00]} 42. Kd2 {[%emt 0:00:27]} g4 {[%emt 0:01:30]} 43. hxg4 {[%emt 0:01:03]} fxg4 {[%emt 0:00:00]} 44. Rf4 {[%emt 0:00:00]} f5 {[%emt 0:00:00]} 45. Rd5 {[%emt 0:00:00]} Re5 {[%emt 0:00:00]} 46. Rd6+ {[%emt 0:00:00]} R7e6 {[%emt 0:00:00]} 47. Rd8 {[%emt 0:00:00]} h3 {[%emt 0:00:00]} 48. Rg8+ {[%emt 0:00:07]} Kh6 {[%emt 0:00:00]} 49. Rh8+ {[%emt 0:00:11]} Kg5 {[%emt 0:01:10]} 50. Rg8+ {[%emt 0:00:14]} Rg6 {[%emt 0:00:00]} 51. Rf8 {[%emt 0:00:14]} h2 {[%emt 0:00:00]} 52. Rf1 {[%emt 0:00:01]} g3 {[%emt 0:00:00]} 53. e4 {[%emt 0:00:05]} f4 {[%emt 0:00:00]} 54. R8xf4 {[%emt 0:00:06]} g2 {[%emt 0:00:00]} 55. Rf5+ {[%emt 0:00:26]} Rxf5 {[%emt 0:00:00]} 56. Rxf5+ {[%emt 0:00:02]} Kg4 {[%emt 0:00:00]} 0-1

[Event "Lidkoping Open 2019"]
[Site "Lidkoping"]
[Date "2019.08.24"]
[Round "3.21"]
[White "Andersson, Christer"]
[Black "Bermann, Martin"]
[Result "1/2-1/2"]
[WhiteElo "1672"]
[BlackElo "1889"]
[Annotator "NA"]
[PlyCount "74"]
[EventDate "2019.08.19"]
[EventType "swiss"]
[EventCountry "SWE"]
[SourceTitle "playchess.com"]
[Source "ChessBase"]
[SourceQuality "1"]
[TimeControl "2700+10"]

1. Nf3 {[%emt 0:00:00]} Nf6 {[%emt 0:00:00]} 2. d4 {[%emt 0:00:00]} g6 {[%emt 0:00:00]} 3. Bg5 {[%emt 0:00:08]} Ne4 {[%emt 0:00:10]} 4. Bf4 {[%emt 0:00:57]} Bg7 {[%emt 0:00:13]} 5. Nbd2 {[%emt 0:01:26]} Nxd2 {[%emt 0:00:26]} 6. Qxd2 {[%emt 0:00:08]} O-O {[%emt 0:00:16]} 7. Bh6 {[%emt 0:01:30]} d5 {[%emt 0:00:32]} 8. h4 {[%emt 0:00:36]} Nd7 {[%emt 0:05:04]} 9. h5 {[%emt 0:03:35]} Nf6 {[%emt 0:16:42]} 10. hxg6 {[%emt 0:04:37]} fxg6 {[%emt 0:00:27]} 11. Bxg7 {[%emt 0:00:44]} Kxg7 {[%emt 0:00:01]} 12. Qh6+ {[%emt 0:00:10]} Kf7 {[%emt 0:01:19]} 13. Ng5+ {[%emt 0:00:33]} Ke8 {[%emt 0:00:04]} 14. Nxh7 {[%emt 0:00:13]} Rg8 {[%emt 0:00:59]} 15. Nxf6+ {[%emt 0:00:53]} exf6 {[%emt 0:00:03]} 16. Qh7 {[%emt 0:00:10]} Be6 {[%emt 0:00:15]} 17. Qh6 {[%emt 0:11:16]} Qe7 {[%emt 0:00:29]} 18. Qd2 {[%emt 0:00:12]} Rd8 {[%emt 0:00:42]} 19. O-O-O {[%emt 0:02:30]} Kd7 {[%emt 0:00:12]} 20. Qa5 {[%emt 0:01:32]} a6 {[%emt 0:00:09]} 21. e3 {[%emt 0:01:42]} Qd6 {[%emt 0:01:04]} 22. Rd3 {[%emt 0:02:17]} Rh8 {[%emt 0:00:38]} 23. Rxh8 {[%emt 0:02:07]} Rxh8 {[%emt 0:00:01]} 24. Kd2 {[%emt 0:01:43]} Rh1 {[%emt 0:03:50]} 25. Be2 {[%emt 0:00:42]} Rh2 {[%emt 0:00:17]} 26. Qa4+ {[%emt 0:04:23]} b5 {[%emt 0:00:45]} 27. Qa5 {[%emt 0:01:27]} Rxg2 {[%emt 0:00:16]} 28. Ra3 {[%emt 0:01:19]} Rxf2 {[%emt 0:00:18]} 29. Kd1 {[%emt 0:00:16]} Qh2 {[%emt 0:03:34]} 30. Qxa6 {[%emt 0:02:01]} Qg1+ {[%emt 0:00:20]} 31. Kd2 {[%emt 0:00:01]} Bg4 {[%emt 0:00:12]} 32. Qxb5+ {[%emt 0:00:13]} Ke7 {[%emt 0:00:16]} 33. Qc5+ {[%emt 0:00:12]} Kd7 {[%emt 0:01:58]} 34. Qxd5+ {[%emt 0:00:23]} Ke7 {[%emt 0:00:10]} 35. Qc5+ {[%emt 0:00:09]} Kd7 {[%emt 0:00:02]} 36. Qd5+ {[%emt 0:00:00]} Ke7 {[%emt 0:00:01]} 37. Qc5+ {[%emt 0:00:03]} Kd7 {[%emt 0:01:36]} 1/2-1/2

[Event "Lidkoping Open 2019"]
[Site "Lidkoping"]
[Date "2019.08.24"]
[Round "3.22"]
[White "Nyberg, Arne"]
[Black "Bratic, Asim"]
[Result "1/2-1/2"]
[WhiteElo "1967"]
[BlackElo "1825"]
[Annotator "NA"]
[PlyCount "79"]
[EventDate "2019.08.19"]
[EventType "swiss"]
[EventCountry "SWE"]
[SourceTitle "playchess.com"]
[Source "ChessBase"]
[SourceQuality "1"]
[TimeControl "2700+10"]

1. e4 {[%emt 0:00:00]} c5 {[%emt 0:00:00]} 2. Nf3 {[%emt 0:00:00]} d6 {[%emt 0:45:20]} 3. d4 {[%emt 0:45:30]} cxd4 {[%emt 0:00:10]} 4. Nxd4 Nf6 {[%emt 0:00:00]} 5. Nc3 {[%emt 0:00:00]} a6 {[%emt 0:00:00]} 6. Be2 {[%emt 0:00:00]} e5 {[%emt 0:00:00]} 7. Nb3 {[%emt 0:00:00]} Be7 {[%emt 0:00:00]} 8. O-O {[%emt 0:00:00]} Be6 {[%emt 0:00:00]} 9. Be3 {[%emt 0:00:00]} Nbd7 {[%emt 0:00:00]} 10. Qd2 {[%emt 0:00:00]} Rc8 {[%emt 0:00:00]} 11. f3 {[%emt 0:00:00]} O-O {[%emt 0:01:20]} 12. Rfd1 {[%emt 0:01:30]} b5 {[%emt 0:00:10]} 13. a3 {[%emt 0:00:10]} Nb6 {[%emt 0:00:00]} 14. Kh1 {[%emt 0:00:00]} Bc4 {[%emt 0:00:00]} 15. Na5 {[%emt 0:00:00]} Bxe2 {[%emt 0:00:30]} 16. Nxe2 {[%emt 0:00:30]} Nc4 {[%emt 0:00:10]} 17. Nxc4 {[%emt 0:00:10]} Rxc4 {[%emt 0:00:00]} 18. Bg5 {[%emt 0:00:00]} Qc7 {[%emt 0:00:20]} 19. c3 {[%emt 0:00:20]} Rd8 {[%emt 0:00:00]} 20. Ng3 {[%emt 0:00:00]} h6 {[%emt 0:00:20]} 21. Be3 {[%emt 0:00:20]} Rd7 {[%emt 0:00:00]} 22. Nf5 {[%emt 0:00:00]} d5 {[%emt 0:00:00]} 23. Nxe7+ {[%emt 0:00:00]} Rxe7 {[%emt 0:00:30]} 24. exd5 {[%emt 0:00:30]} Rd7 {[%emt 0:00:00]} 25. d6 {[%emt 0:00:00]} Qd8 {[%emt 0:00:00]} 26. h3 {[%emt 0:00:00]} Rc6 {[%emt 0:00:00]} 27. Qe2 {[%emt 0:00:00]} Rcxd6 {[%emt 0:00:40]} 28. Rxd6 {[%emt 0:00:40]} Rxd6 {[%emt 0:00:00]} 29. a4 {[%emt 0:00:00]} Nh5 {[%emt 0:00:00]} 30. Qf2 {[%emt 0:00:00]} bxa4 {[%emt 0:00:00]} 31. Rxa4 {[%emt 0:00:30]} Rg6 {[%emt 0:00:00]} 32. Rg4 {[%emt 0:00:00]} Rxg4 {[%emt 0:00:50]} 33. fxg4 {[%emt 0:00:20]} Nf6 {[%emt 0:00:00]} 34. Qf5 {[%emt 0:00:00]} Qa5 {[%emt 0:00:00]} 35. Bxh6 {[%emt 0:00:00]} Qa1+ {[%emt 0:00:00]} 36. Kh2 {[%emt 0:00:00]} Qxb2 {[%emt 0:00:40]} 37. Bg5 {[%emt 0:00:40]} Qxc3 {[%emt 0:00:00]} 38. Bxf6 {[%emt 0:00:00]} gxf6 {[%emt 0:00:20]} 39. Qxf6 {[%emt 0:00:20]} a5 {[%emt 0:00:00]} 40. Qd8+ {[%emt 0:00:00]} 1/2-1/2

[Event "Lidkoping Open 2019"]
[Site "Lidkoping"]
[Date "2019.08.24"]
[Round "4.1"]
[White "Svensson, Bengt"]
[Black "Ernst, Thomas"]
[Result "1/2-1/2"]
[WhiteElo "2310"]
[BlackElo "2329"]
[Annotator "NA"]
[PlyCount "135"]
[EventDate "2019.08.19"]
[EventType "swiss"]
[EventCountry "SWE"]
[SourceTitle "playchess.com"]
[Source "ChessBase"]
[SourceQuality "1"]
[TimeControl "2700+10"]

1. e4 {[%emt 0:00:00]} c5 {[%emt 0:00:00]} 2. Nf3 {[%emt 0:00:00]} d6 {[%emt 0:00:00]} 3. d4 {[%emt 0:00:02]} cxd4 {[%emt 0:00:00]} 4. Nxd4 {[%emt 0:00:02]} Nf6 {[%emt 0:00:00]} 5. Nc3 {[%emt 0:00:02]} Nc6 {[%emt 0:00:04]} 6. Bg5 {[%emt 0:00:51]} e6 {[%emt 0:00:04]} 7. Qd2 {[%emt 0:00:03]} a6 {[%emt 0:00:06]} 8. O-O-O {[%emt 0:00:25]} Bd7 {[%emt 0:00:06]} 9. f3 {[%emt 0:01:17]} Be7 {[%emt 0:00:38]} 10. Be3 {[%emt 0:00:58]} Qc7 {[%emt 0:01:03]} 11. g4 {[%emt 0:00:55]} h6 {[%emt 0:00:04]} 12. Kb1 {[%emt 0:01:26]} Rc8 {[%emt 0:01:35]} 13. h4 {[%emt 0:01:03]} Ne5 {[%emt 0:00:10]} 14. Bd3 {[%emt 0:02:16]} Nc4 {[%emt 0:01:49]} 15. Bxc4 {[%emt 0:00:15]} Qxc4 {[%emt 0:00:01]} 16. g5 {[%emt 0:00:51]} hxg5 {[%emt 0:00:23]} 17. hxg5 {[%emt 0:00:03]} Nh5 {[%emt 0:00:06]} 18. g6 {[%emt 0:01:39]} b5 {[%emt 0:00:11]} 19. gxf7+ {[%emt 0:03:47]} Kxf7 {[%emt 0:00:04]} 20. Qg2 {[%emt 0:00:16]} b4 {[%emt 0:01:42]} 21. Rdg1 {[%emt 0:01:25]} g5 {[%emt 0:00:05]} 22. Nd1 {[%emt 0:02:47]} e5 {[%emt 0:00:18]} 23. b3 {[%emt 0:01:23]} Qc7 {[%emt 0:00:06]} 24. Nf5 {[%emt 0:00:47]} Bxf5 {[%emt 0:05:09]} 25. exf5 {[%emt 0:00:09]} Nf4 {[%emt 0:00:07]} 26. Bxf4 {[%emt 0:04:32]} exf4 {[%emt 0:00:02]} 27. Qe2 {[%emt 0:01:29]} Qd7 {[%emt 0:00:52]} 28. Qd3 {[%emt 0:00:25]} Qb5 {[%emt 0:00:46]} 29. Qe4 {[%emt 0:05:03]} Qe5 {[%emt 0:00:06]} 30. Qxe5 {[%emt 0:00:36]} dxe5 {[%emt 0:00:04]} 31. Nf2 {[%emt 0:00:09]} Bc5 {[%emt 0:01:18]} 32. Ne4 {[%emt 0:00:31]} Bxg1 {[%emt 0:00:08]} 33. Rxg1 {[%emt 0:00:08]} Rcg8 {[%emt 0:01:07]} 34. Rd1 {[%emt 0:00:51]} Rd8 {[%emt 0:00:11]} 35. Rg1 {[%emt 0:00:14]} Rh5 {[%emt 0:00:47]} 36. Kb2 {[%emt 0:00:31]} Rd4 {[%emt 0:08:12]} 37. Nxg5+ {[%emt 0:06:50]} Kf6 {[%emt 0:00:51]} 38. Ne4+ {[%emt 0:01:05]} Kxf5 {[%emt 0:00:07]} 39. Rg8 {[%emt 0:00:03]} Rh3 {[%emt 0:02:21]} 40. Rg5+ {[%emt 0:00:30]} Ke6 {[%emt 0:00:08]} 41. Rg6+ {[%emt 0:00:02]} Ke7 {[%emt 0:00:52]} 42. Ng5 {[%emt 0:01:01]} Rg3 {[%emt 0:00:55]} 43. Re6+ {[%emt 0:00:12]} Kd7 {[%emt 0:01:33]} 44. Rxe5 {[%emt 0:00:01]} Rg1 {[%emt 0:01:58]} 45. a3 {[%emt 0:00:22]} bxa3+ {[%emt 0:00:43]} 46. Kxa3 {[%emt 0:00:02]} Ra1+ {[%emt 0:00:34]} 47. Kb2 {[%emt 0:00:02]} Rf1 {[%emt 0:00:13]} 48. Ne6 {[%emt 0:01:48]} Kd6 {[%emt 0:00:15]} 49. Re2 {[%emt 0:00:06]} Rb4 {[%emt 0:00:13]} 50. c3 {[%emt 0:00:16]} Rb5 {[%emt 0:01:13]} 51. Nxf4 {[%emt 0:00:06]} Rxf3 {[%emt 0:00:04]} 52. Ne6 {[%emt 0:00:24]} Re5 {[%emt 0:00:30]} 53. Rxe5 {[%emt 0:00:05]} Kxe5 {[%emt 0:00:02]} 54. Nc5 {[%emt 0:00:03]} Rf2+ {[%emt 0:00:17]} 55. Ka3 {[%emt 0:00:29]} Rf7 {[%emt 0:00:40]} 56. Kb4 {[%emt 0:00:24]} Kd5 {[%emt 0:00:38]} 57. c4+ {[%emt 0:01:28]} Kc6 {[%emt 0:00:10]} 58. Nxa6 {[%emt 0:00:19]} Ra7 {[%emt 0:00:32]} 59. Nc5 {[%emt 0:00:02]} Ra8 {[%emt 0:00:04]} 60. Nd3 {[%emt 0:00:14]} Rb8+ {[%emt 0:00:11]} 61. Kc3 {[%emt 0:00:01]} Rh8 {[%emt 0:00:07]} 62. Ne5+ {[%emt 0:00:03]} Kc7 {[%emt 0:00:08]} 63. b4 {[%emt 0:00:10]} Rh1 {[%emt 0:00:18]} 64. Kd4 {[%emt 0:00:11]} Rh4+ {[%emt 0:00:38]} 65. Kd5 {[%emt 0:00:06]} Kb6 {[%emt 0:00:18]} 66. Nd7+ {[%emt 0:00:03]} Kc7 {[%emt 0:00:04]} 67. Ne5 {[%emt 0:00:02]} Kb6 {[%emt 0:00:06]} 68. Nd7+ {[%emt 0:00:01]} 1/2-1/2